[Event "Albena BUL, Team Ch 2011 GrB Men"]
[Site "Albena BUL"]
[Date "2011.06.08"]
[Round "9.4"]
[White "Vasilev, Dimitar P"]
[Black "Dimitrov, Atanas"]
[Result "0-1"]
[WhiteElo "1826"]
[BlackElo "2352"]
[PlyCount "66"]
[EventDate "2011.06.02"]
[EventType "team"]
[EventRounds "9"]
[EventCountry "BUL"]

1. d4 d6 2. Nf3 g6 3. Bf4 Bg7 4. e3 Nf6 5. h3 O-O 6. Bd3 c5 7. O-O Nc6 8. c3 a6
9. Qc2 Bd7 10. dxc5 dxc5 11. Rd1 Qc8 12. Nbd2 b5 13. Rac1 c4 14. Bf1 Qb7 15.
Be2 Rfd8 16. b3 Nd5 17. Nb1 Nxf4 18. exf4 Bf5 19. Qb2 cxb3 20. Qxb3 Qc7 21. g3
Be6 22. Qa3 Na5 23. Nd4 Bd5 24. Nd2 e6 25. N2b3 Nc4 26. Bxc4 Qxc4 27. Qb2 Rac8
28. Qd2 Qc7 29. Qe3 Qb6 30. Qe2 Rc4 31. Nd2 Ra4 32. N4b3 Rxa2 33. Ra1 Bxb3 0-1

[Event "Albena BUL, Team Ch 2011 GrB Men"]
[Site "Albena BUL"]
[Date "2011.06.08"]
[Round "9.4"]
[White "Tonchev, Miroslav"]
[Black "Mladenov, Emil"]
[Result "1-0"]
[WhiteElo "2274"]
[BlackElo "2157"]
[PlyCount "83"]
[EventDate "2011.06.02"]
[EventType "team"]
[EventRounds "9"]
[EventCountry "BUL"]

1. Nf3 d6 2. d4 g6 3. Nc3 Bg7 4. e4 Nc6 5. h3 e5 6. Bg5 f6 7. Be3 Nh6 8. dxe5
Nxe5 9. Nxe5 fxe5 10. Qd2 Nf7 11. Bc4 O-O 12. O-O-O Kh8 13. g4 Bf6 14. Bxf7
Rxf7 15. Nd5 Bg7 16. c4 Be6 17. Qe2 Qd7 18. Kb1 Qa4 19. b3 Qc6 20. Rd2 a6 21.
Rc1 b6 22. Qd1 Qe8 23. Rb2 Qd8 24. g5 Qd7 25. h4 Raf8 26. Qd3 Rf3 27. Rd2 Rh3
28. Nc3 Qc8 29. b4 Rxh4 30. c5 bxc5 31. bxc5 d5 32. Nxd5 Rxe4 33. Nc3 Rb4+ 34.
Ka1 e4 35. Qc2 Qb7 36. Rcd1 Bg8 37. Bd4 Rxd4 38. Rxd4 Qc6 39. Nxe4 Bxd4+ 40.
Rxd4 Qb5 41. Qc3 Qf1+ 42. Rd1+ 1-0

[Event "Albena BUL, Team Ch 2011 GrB Men"]
[Site "Albena BUL"]
[Date "2011.06.08"]
[Round "9.4"]
[White "Petrov, Valeri"]
[Black "Avramov, Anton"]
[Result "1-0"]
[WhiteElo "1996"]
[BlackElo "2193"]
[PlyCount "82"]
[EventDate "2011.06.02"]
[EventType "team"]
[EventRounds "9"]
[EventCountry "BUL"]

1. e4 d6 2. d4 Nf6 3. Nc3 c6 4. Nf3 Bg4 5. Be2 e6 6. O-O Be7 7. Bg5 d5 8. e5
Nfd7 9. Bxe7 Qxe7 10. Qd2 a6 11. Ng5 Bxe2 12. Nxe2 h6 13. Nh3 c5 14. c3 Nc6 15.
f4 g6 16. Rf3 O-O-O 17. Rb1 cxd4 18. cxd4 Nb6 19. Nf2 Kb8 20. Nd3 Rc8 21. b4
Nc4 22. Qd1 Ka7 23. Nc5 Nb8 24. b5 Nd7 25. Nd3 a5 26. b6+ Ndxb6 27. Nc5 Rb8 28.
Nc3 Rhc8 29. Qe1 Rxc5 30. dxc5 Qxc5+ 31. Kh1 Na3 32. Rb3 Nbc4 33. Na4 Qe7 34.
Rxa3 b5 35. Qg1+ Ka8 36. Nc5 Nxa3 37. Rxa3 Qa7 38. Nd7 Rb7 39. Nf6 a4 40. Qd1
Qc5 41. Rd3 Rb8 1-0

[Event "Albena BUL, Team Ch 2011 GrB Men"]
[Site "Albena BUL"]
[Date "2011.06.08"]
[Round "9.5"]
[White "Ivelinov, Hristo"]
[Black "Kirjakov, Toma"]
[Result "1-0"]
[WhiteElo "2236"]
[BlackElo "2182"]
[PlyCount "94"]
[EventDate "2011.06.02"]
[EventType "team"]
[EventRounds "9"]
[EventCountry "BUL"]

1. b3 c5 2. e4 e6 3. Bb2 b6 4. g3 Bb7 5. Bg2 Nf6 6. d3 d5 7. Nd2 Be7 8. Ne2 Nc6
9. O-O Qc7 10. exd5 exd5 11. Nf4 d4 12. Ne4 O-O 13. Nxf6+ Bxf6 14. Nd5 Qd6 15.
Bc1 Rfe8 16. Nxf6+ Qxf6 17. Re1 Na5 18. Bxb7 Nxb7 19. Bf4 Na5 20. Qd2 h6 21.
Rxe8+ Rxe8 22. Re1 Re6 23. h4 Nc6 24. Rxe6 fxe6 25. Qe2 Qf5 26. a3 e5 27. Bd2
Kf7 28. Kg2 Ke6 29. Qf3 Qxf3+ 30. Kxf3 Ne7 31. Ke4 Nf5 32. Kf3 h5 33. g4 hxg4+
34. Kxg4 g6 35. Kg5 b5 36. Ba5 c4 37. bxc4 bxc4 38. dxc4 e4 39. Be1 d3 40. cxd3
exd3 41. f4 Nd6 42. Kxg6 Nxc4 43. h5 Nb6 44. h6 Nd7 45. h7 Nf8+ 46. Kg7 Nxh7
47. Kxh7 Kf5 1-0

[Event "Albena BUL, Team Ch 2011 GrB Men"]
[Site "Albena BUL"]
[Date "2011.06.08"]
[Round "9.5"]
[White "Todorov, Todor Spirov"]
[Black "Glavchev, Stanislav"]
[Result "1-0"]
[WhiteElo "2175"]
[BlackElo "2131"]
[PlyCount "84"]
[EventDate "2011.06.02"]
[EventType "team"]
[EventRounds "9"]
[EventCountry "BUL"]

1. d4 d5 2. Nf3 Nc6 3. c4 Bg4 4. e3 e5 5. dxe5 dxc4 6. Qa4 Bxf3 7. gxf3 Qd5 8.
Nc3 Qxe5 9. f4 Qa5 10. Qxc4 Bb4 11. Bg2 Nge7 12. O-O O-O 13. Ne4 Nf5 14. Ng5
Be7 15. Nf3 Rfd8 16. e4 Nfd4 17. Nxd4 Nxd4 18. a3 c5 19. Kh1 b5 20. Qd3 c4 21.
Qh3 Nb3 22. Rb1 Rd3 23. Qg4 Qb6 24. f5 Nxc1 25. Rbxc1 Qd4 26. f4 Rd8 27. e5 Bf8
28. Bc6 Rd2 29. f6 Qxb2 30. Qh4 g6 31. Rce1 Qd4 32. Bf3 Rd3 33. Qg5 c3 34. f5
h6 35. Qg2 Rd2 36. Qg3 g5 37. Re4 Qd3 38. Rg1 Bc5 39. Rg4 Bxg1 40. Rxg5+ Kh8
41. Rh5 Rxh2+ 42. Rxh2 Bxh2 1-0

[Event "Albena BUL, Team Ch 2011 GrB Men"]
[Site "Albena BUL"]
[Date "2011.06.08"]
[Round "9.5"]
[White "Rusev, Jeliazko"]
[Black "Ribarov, Plamen"]
[Result "1-0"]
[WhiteElo "2273"]
[BlackElo "2068"]
[PlyCount "77"]
[EventDate "2011.06.02"]
[EventType "team"]
[EventRounds "9"]
[EventCountry "BUL"]

1. d4 d5 2. Nf3 Nf6 3. e3 Bg4 4. c4 c6 5. Qb3 Qb6 6. c5 Qxb3 7. axb3 Bxf3 8.
gxf3 e6 9. b4 Be7 10. Bd2 O-O 11. Nc3 Rc8 12. f4 Nbd7 13. b5 b6 14. b4 a5 15.
bxa6 b5 16. a7 Nf8 17. Ra2 N6d7 18. Bxb5 cxb5 19. Nxb5 f6 20. O-O Kf7 21. Nc3
g6 22. Rfa1 f5 23. Ra6 h6 24. Na4 Rc7 25. Nb2 g5 26. Nd3 Ng6 27. c6 Nb6 28.
Rxb6 Raxa7 29. Rba6 Rxa6 30. Rxa6 Bd6 31. Ne5+ Bxe5 32. fxe5 Ne7 33. b5 Ke8 34.
Ba5 Rc8 35. Ra7 f4 36. Rxe7+ Kxe7 37. Bb4+ Ke8 38. Bd6 f3 39. h3 1-0

[Event "Albena BUL, Team Ch 2011 GrB Men"]
[Site "Albena BUL"]
[Date "2011.06.08"]
[Round "9.5"]
[White "Kirchev, Krasimir"]
[Black "Shivacheva, Donika"]
[Result "1-0"]
[WhiteElo "2037"]
[BlackElo "1681"]
[PlyCount "33"]
[EventDate "2011.06.02"]
[EventType "team"]
[EventRounds "9"]
[EventCountry "BUL"]

1. Nf3 Nf6 2. d4 d5 3. c4 c6 4. Nc3 e6 5. Qc2 Nbd7 6. e4 Bb4 7. Nd2 Bxc3 8.
bxc3 dxe4 9. Ba3 e5 10. Nxe4 exd4 11. Nd6+ Kf8 12. Nxb7+ Qe7+ 13. Bxe7+ Kxe7
14. Na5 Re8 15. Be2 dxc3 16. O-O Kf8 17. Rfe1 1-0

[Event "Albena BUL, Team Ch 2011 GrB Men"]
[Site "Albena BUL"]
[Date "2011.06.08"]
[Round "9.5"]
[White "Hristov, Atanas"]
[Black "Gochev, Plamen"]
[Result "1-0"]
[WhiteElo "2231"]
[BlackElo "1995"]
[PlyCount "153"]
[EventDate "2011.06.02"]
[EventType "team"]
[EventRounds "9"]
[EventCountry "BUL"]

1. d4 Nf6 2. Nf3 e6 3. Bg5 d5 4. e3 Be7 5. Bd3 Nbd7 6. Nbd2 c5 7. c3 O-O 8. Ne5
cxd4 9. exd4 h6 10. Bf4 Qb6 11. Qc2 Nxe5 12. dxe5 Nd7 13. Nf3 Nc5 14. Bh7+ Kh8
15. h4 f5 16. exf6 Bxf6 17. Ne5 Bxe5 18. Bxe5 Ne4 19. Bxe4 dxe4 20. O-O Qc6 21.
Rae1 Bd7 22. Rxe4 Rf5 23. Qd2 Kh7 24. Qd4 Qd5 25. Qxd5 exd5 26. Re3 Rf7 27. Bd4
g5 28. hxg5 hxg5 29. Re5 Kg6 30. Rxd5 Re8 31. Be3 g4 32. Rfd1 Be6 33. Rd8 Rxd8
34. Rxd8 Bxa2 35. Rd6+ Kf5 36. Bxa7 b5 37. Be3 Bc4 38. Rd4 Be6 39. Rb4 Bc4 40.
b3 Be2 41. c4 Rb7 42. Kh2 Rh7+ 43. Kg3 bxc4 44. bxc4 Re7 45. c5 Re4 46. Rxe4
Kxe4 47. c6 Kf5 48. c7 Ba6 49. f3 gxf3 50. Kxf3 Bb7+ 51. Kf2 Bc8 52. Bc5 Ke4
53. Kg3 Kd5 54. Bb4 Kc6 55. Ba5 Kb5 56. Bd2 Kc6 57. Bf4 Kd5 58. Kh4 Ke6 59. Kg5
Kf7 60. Kh5 Bd7 61. g4 Kg7 62. Be5+ Kh7 63. Kg5 Bc8 64. Kh5 Ba6 65. Bd4 Bb7 66.
g5 Bf3+ 67. Kh4 Bb7 68. Kg4 Kg6 69. Kf4 Bc8 70. Bf6 Kf7 71. Ke5 Bd7 72. Kd6 Ke8
73. g6 Bf5 74. g7 Kf7 75. Bc3 Be6 76. g8=Q+ Kxg8 77. Kxe6 1-0

[Event "Albena BUL, Team Ch 2011 GrB Women"]
[Site "Albena BUL"]
[Date "2011.06.04"]
[Round "3.1"]
[White "Nestorova, Lozanka"]
[Black "Zlatanova, Emilia"]
[Result "1/2-1/2"]
[WhiteElo "2035"]
[BlackElo "2040"]
[PlyCount "63"]
[EventDate "2011.06.02"]
[EventType "team"]
[EventRounds "3"]
[EventCountry "BUL"]

1. d4 d5 2. c4 c6 3. cxd5 cxd5 4. Nc3 Nf6 5. Nf3 Nc6 6. e3 Bf5 7. Bd3 Bxd3 8.
Qxd3 e6 9. O-O Be7 10. b3 O-O 11. Bb2 Rc8 12. Rfc1 Qd7 13. Qe2 Rfd8 14. Ne1 Ne4
15. Nxe4 dxe4 16. Nc2 Nb4 17. Nxb4 Bxb4 18. Rxc8 Rxc8 19. Rc1 Be7 20. h3 Bd6
21. Rxc8+ Qxc8 22. Qc4 Qc7 23. Qxc7 Bxc7 24. Kf1 Kf8 25. Ke2 Ke7 26. Ba3+ Kd7
27. Kd2 Kc6 28. Kc3 b5 29. Bc5 a6 30. b4 Kd5 31. Bf8 g6 32. Bc5 1/2-1/2

[Event "Albena BUL, Team Ch 2011 GrB Women"]
[Site "Albena BUL"]
[Date "2011.06.04"]
[Round "3.1"]
[White "Bratimirova, Dimitrinka"]
[Black "Parvanova, Desislava"]
[Result "1/2-1/2"]
[WhiteElo "2028"]
[BlackElo "1995"]
[PlyCount "60"]
[EventDate "2011.06.02"]
[EventType "team"]
[EventRounds "3"]
[EventCountry "BUL"]

1. e4 e5 2. Nf3 Nc6 3. Bb5 a6 4. Bxc6 dxc6 5. d4 exd4 6. Qxd4 Qxd4 7. Nxd4 Bd6
8. Be3 Nf6 9. f3 O-O 10. Nd2 Nh5 11. Kf2 Bf4 12. Bxf4 Nxf4 13. Ne2 Nxe2 14.
Kxe2 Be6 15. c4 Rad8 16. b3 Rd4 17. Rhd1 Rfd8 18. Nf1 Kf8 19. Rxd4 Rxd4 20. Rd1
Rxd1 21. Kxd1 Ke7 22. Ke2 f5 23. exf5 Bxf5 24. Nd2 Ke6 25. Ke3 Ke5 26. g4 Bc2
27. f4+ Ke6 28. h4 Bd1 29. Nf3 h6 30. Nd4+ Kf6 1/2-1/2

[Event "Albena BUL, Team Ch 2011 GrB Women"]
[Site "Albena BUL"]
[Date "2011.06.04"]
[Round "3.1"]
[White "Dimitrova, Aseniya"]
[Black "Dimitrova, Leila"]
[Result "1/2-1/2"]
[WhiteElo "1729"]
[BlackElo "2118"]
[PlyCount "62"]
[EventDate "2011.06.02"]
[EventType "team"]
[EventRounds "3"]
[EventCountry "BUL"]

1. e4 e5 2. Nf3 Nf6 3. Nxe5 d6 4. Nf3 Nxe4 5. Qe2 Qe7 6. d3 Nf6 7. Qxe7+ Bxe7
8. Nc3 O-O 9. Bg5 Re8 10. O-O-O Bg4 11. Be2 Nc6 12. Rhe1 h6 13. Bxf6 Bxf6 14.
Ne4 Be5 15. Nxe5 Nxe5 16. Bxg4 Nxg4 17. h3 Ne5 18. f4 Nc6 19. Nc3 Rxe1 20. Rxe1
Kf8 21. Kd2 Re8 22. Rxe8+ Kxe8 23. g4 Kd7 24. a3 a6 25. Ke3 Ne7 26. g5 hxg5 27.
fxg5 Ke6 28. Kf4 Nd5+ 29. Nxd5 Kxd5 30. c3 c6 31. h4 Ke6 1/2-1/2

[Event "Albena BUL, Team Ch 2011 GrB Women"]
[Site "Albena BUL"]
[Date "2011.06.04"]
[Round "3.1"]
[White "Maneva, Ani"]
[Black "Spasova, Tsvetelina"]
[Result "1/2-1/2"]
[WhiteElo "1914"]
[BlackElo "1733"]
[PlyCount "65"]
[EventDate "2011.06.02"]
[EventType "team"]
[EventRounds "3"]
[EventCountry "BUL"]

1. e4 e6 2. d4 d5 3. exd5 exd5 4. Qe2+ Qe7 5. Qxe7+ Bxe7 6. Nc3 Nf6 7. Nf3 O-O
8. Be3 c6 9. Be2 Re8 10. O-O Bf5 11. Rac1 Nbd7 12. a3 Ne4 13. Nxe4 Bxe4 14. Nd2
Nf6 15. Nxe4 Nxe4 16. Bf3 Bd6 17. c4 Rac8 18. cxd5 cxd5 19. Rxc8 Rxc8 20. Rc1
Rxc1+ 21. Bxc1 Kf8 22. g3 Ke7 23. Kf1 Ke6 24. Ke2 Nf6 25. Bg5 Be7 26. Kd3 h6
27. Bxf6 Bxf6 28. h4 g6 29. h5 g5 30. b3 Be7 31. b4 b5 32. Bg4+ Kd6 33. Bf3
1/2-1/2